| 000 | 01013cam a2200349 i 4500 | ||
|---|---|---|---|
| 001 | 0000493 | ||
| 003 | DO-SdBNP | ||
| 005 | 20241014123544.0 | ||
| 007 | 0000493 | ||
| 008 | 100514s 1986 sp | 000 f spa | ||
| 015 | _a | ||
| 017 |
_a _b |
||
| 020 | _a8476348606 (v. 1) | ||
| 020 | _a8476348592 (obra completa) | ||
| 035 | _a | ||
| 040 |
_aBPMSU _bspa _cBPMSU _e |
||
| 080 | _a | ||
| 082 | 4 |
_a843.8 _bV531ag |
|
| 100 | 1 |
_aVerne, Julio, _d1828-1905 |
|
| 245 | 1 | 0 |
_aJulio Verne : _bAgencia Thomson y Cía/ _cJulio Verne ; traducción María Carmen Nicolau _h |
| 260 |
_aBarcelona: _bEdiciones Orbis, _c1986. |
||
| 300 |
_a2 v. : _bil. _c20 cm |
||
| 490 | 1 |
_aJulio Verne _v12/13 |
|
| 500 | _a | ||
| 534 |
_pTítulo original : _tL´Agence Thompson and Co. |
||
| 590 | _aInventariado, 2024/VM | ||
| 650 | 4 | _aNovela juvenil francesa | |
| 650 | 4 | _aLiteratura juvenil francesa | |
| 700 | 1 |
_aNicolau, María Carmen, _etraductor |
|
| 910 | _aVMateo V. Control de calidad. BPMSU | ||
| 942 |
_2ddc _cBK |
||
| 999 |
_c10726 _d10726 |
||